Normal view MARC view

Entry Personal Name

Number of records used in: 1

001 - CONTROL NUMBER

  • control field: 344358

003 - CONTROL NUMBER IDENTIFIER

  • control field: OSt

005 - DATE AND TIME OF LATEST TRANSACTION

  • control field: 20220926040948.0

008 - FIXED-LENGTH DATA ELEMENTS

  • fixed length control field: 220926|| aca||aabn | a|a d

040 ## - CATALOGING SOURCE

  • Original cataloging agency: OSt
  • Transcribing agency: OSt

100 ## - HEADING--PERSONAL NAME

  • Personal name: Leauge of Nations. Commission of Enquiry for European Union. Committee of experts to examine the monetary normalisation scheme

670 ## - SOURCE DATA FOUND

  • Source citation: Work cat.: (OSt)666058: Leauge of Nations. Commission of Enquiry for European Union. Committee of experts to examine the monetary normalisation scheme 344357, Report, monetary normalisation scheme, 1932
Copyright @ Delhi University Library System